000 00417nam a2200181Ia 4500
001 8206
005 20260306160552.0
008 260306t2008||||xx |||||||||||||| ||spa||
041 _aESP
082 _a370.15
_bG84
100 _aGuaita, Carmen [1960-...]
_eAUT
245 0 _aContigo aprendĂ­
260 _c2008
300 _a311 páginas :
_c23 cm.
650 _aGEN
654 _aCED
942 _cLIB
_dJUS
_fJUS
_2ddc
_n
999 _c8206
_d8206